<?xml version="1.0" encoding="UTF-8"?>
<record
    xmlns:xsi="http://www.w3.org/2001/XMLSchema-instance"
    xsi:schemaLocation="http://www.loc.gov/MARC21/slim http://www.loc.gov/standards/marcxml/schema/MARC21slim.xsd"
    xmlns="http://www.loc.gov/MARC21/slim">

  <leader>01660nam a22001457a 4500</leader>
  <controlfield tag="008">120608t        xxu||||| |||| 00| 0 eng d</controlfield>
  <datafield tag="020" ind1=" " ind2=" ">
    <subfield code="a">0471563374</subfield>
  </datafield>
  <datafield tag="050" ind1=" " ind2=" ">
    <subfield code="a">HG4026.5.S44</subfield>
  </datafield>
  <datafield tag="100" ind1=" " ind2=" ">
    <subfield code="a">Shapiro, Alan C.</subfield>
  </datafield>
  <datafield tag="245" ind1=" " ind2=" ">
    <subfield code="a">Foundations of multinational financial management. /</subfield>
    <subfield code="c">Alan. C Shapiro</subfield>
  </datafield>
  <datafield tag="260" ind1=" " ind2=" ">
    <subfield code="a">U.S.A:</subfield>
    <subfield code="b">John Wiley &amp; Sons,</subfield>
    <subfield code="c">2005.</subfield>
  </datafield>
  <datafield tag="300" ind1=" " ind2=" ">
    <subfield code="a">xvi, 613 p.:</subfield>
    <subfield code="b">ill.;</subfield>
  </datafield>
  <datafield tag="505" ind1=" " ind2=" ">
    <subfield code="a">Contents: Environment of international financial management: Introduction: multinational enterprise and multinational financial  management -- The Determination of exchange rates -- International monetary system -- Parity conditions in international finance and currency forecasting - The Balance of payments and international economic linkages -- Country risk analysis -- Case studies -- Foreign exchange and derivatives markets:: The Foreign exchange market -- Currency futures and options -- Swaps and interest rate derivatives -- Foreign exchange risk management : Measuring and managing translation and transaction exposure -- Measuring and managing economic exposure -- Case studies --  Financing the multinational corporation: International financing and national capital markets -- The Euromarkets -- The Cost of capital for investments -- Case studies -- Foreign investment analysis : International portfolio investment -- Corporate strategy and foreign direct investment -- Capital budgeting for the multinational corporation -- Case studies -- Multinational working capital management : Financing foreign trade -- Current asset management and short-term financing  -- Managing the multinational  financial system -- Case studies -- Glossary.</subfield>
  </datafield>
  <datafield tag="942" ind1=" " ind2=" ">
    <subfield code="2">lcc</subfield>
    <subfield code="c">BK</subfield>
  </datafield>
  <datafield tag="999" ind1=" " ind2=" ">
    <subfield code="c">1202</subfield>
    <subfield code="d">8702</subfield>
  </datafield>
  <datafield tag="952" ind1=" " ind2=" ">
    <subfield code="0">0</subfield>
    <subfield code="1">0</subfield>
    <subfield code="2">lcc</subfield>
    <subfield code="4">0</subfield>
    <subfield code="7">0</subfield>
    <subfield code="a">WIUC-1</subfield>
    <subfield code="b">WIUC-1</subfield>
    <subfield code="c">GEN</subfield>
    <subfield code="d">2012-06-08</subfield>
    <subfield code="l">0</subfield>
    <subfield code="o">HG4026.5.S44</subfield>
    <subfield code="p">3410/12</subfield>
    <subfield code="r">2012-06-08 00:00:00</subfield>
    <subfield code="t">1</subfield>
    <subfield code="w">2012-06-08</subfield>
    <subfield code="y">BK</subfield>
  </datafield>
</record>
